Les notions juridique et administrative de domicile; rôle nouveau donné à l'administration en matière de domicile par la Loi du 30 mai 1941;
Saved in:
| Main Author: | |
|---|---|
| Format: | Book |
| Language: | French |
| Published: |
Paris,
Librairie générale de droit et de jurisprudence,
1944.
|
| Subjects: | |
| Tags: |
Add Tag
No Tags, Be the first to tag this record!
|
| LEADER | 00689nam a2200193I 4500 | ||
|---|---|---|---|
| 001 | 005216237-0 | ||
| 005 | 20020606095253.2 | ||
| 008 | 950124s1944 fr 000 0 fre | ||
| 010 | |a 45013560 | ||
| 035 | 0 | |a ocn183890054 | |
| 040 | |a DLC |c HVL | ||
| 100 | 1 | |a Pèpe, Paul. | |
| 245 | 1 | 4 | |a Les notions juridique et administrative de domicile; |b rôle nouveau donné à l'administration en matière de domicile par la Loi du 30 mai 1941; |c préface de m. René Carmille ... |
| 260 | |a Paris, |b Librairie générale de droit et de jurisprudence, |c 1944. | ||
| 300 | |a ix, 283, [1] p. |c 24 cm. | ||
| 504 | |a "Bibliographie": p. [273]-280. | ||
| 650 | 0 | |a Domicile |z France. | |
| 988 | |a 20020608 | ||
| 906 | |0 DLC | ||


